Игра как приём организации коммуникативной деятельности на уроке иностранного языка; Ч. 1

التفاصيل البيبلوغرافية
Parent link:Ч. 1.— 2008.— С. 132-138
المؤلف الرئيسي: Дегтярева А. В. Анна Викторовна
اللغة:الروسية
منشور في: 2008
الموضوعات:
التنسيق: فصل الكتاب
KOHA link:https://koha.lib.tpu.ru/cgi-bin/koha/opac-detail.pl?biblionumber=164270

MARC

LEADER 00000naa2a2200000 4500
001 164270
005 20231101222447.0
035 |a (RuTPU)RU\TPU\book\178223 
090 |a 164270 
100 |a 20090903d2008 k y0rusy50 ca 
101 0 |a rus 
102 |a RU 
200 1 |a Игра как приём организации коммуникативной деятельности на уроке иностранного языка  |f А. В. Дегтярева 
320 |a Библиогр.: 3 назв. 
463 0 |0 (RuTPU)RU\TPU\book\165018  |t Ч. 1  |v С. 132-138  |d 2008  |p 282 с. 
610 1 |a иностранные языки 
610 1 |a обучение 
610 1 |a коммуникативная деятельность 
610 1 |a игра 
610 1 |a игры 
610 1 |a преподавание 
610 1 |a труды учёных ТПУ 
700 1 |a Дегтярева  |b А. В.  |c старший преподаватель  |c кафедра английского языка и бизнес-коммуникации  |g Анна Викторовна  |2 stltpush  |3 (RuTPU)RU\TPU\pers\24575  |9 10873 
801 1 |a RU  |b 63413507  |c 20090903 
942 |c BK